[Event "Wellington Club Championship - Open Swiss"]
[Site "Wellington Chess Club"]
[Date "2023.10.19"]
[Round "4.5"]
[White "Henrys, Francis"]
[Black "Pollock, Gavin"]
[Result "1-0"]
[WhiteElo "1690"]
[BlackElo "1825"]

1. e4 c5 2. c3 Nf6 3. e5 Nd5 4. d4 cxd4 5. cxd4 Nc6 6. Bc4 Nb6 7. Bb3 d5 8. Nf3
h6 9. Nc3 Bf5 10. a4 e6 11. Bd2 g5 12. Be3 Nb4 13. O-O g4 14. Nd2 h5 15. a5 Nc8
16. Ba4+ Nc6 17. Qb3 Qe7 18. a6 Nb6 19. Rfc1 Rc8 20. Nb5 Nxa4 21. Nd6+ Kd8 22.
axb7 Rb8 23. Rxc6 Nb6 24. Rxa7 Rxb7 25. Nxb7+ 1-0

[Event "Wellington Club Championship - Open Swiss"]
[Site "Wellington Chess Club"]
[Date "2023.10.19"]
[Round "4.6"]
[White "Marney, John"]
[Black "Saglam, Azra"]
[Result "1-0"]
[WhiteElo "1658"]
[BlackElo "1546"]

1. e4 c5 2. Nf3 d6 3. d4 cxd4 4. Nxd4 Nc6 5. c4 Nf6 6. Nc3 g6 7. Be2 Bg7 8. O-O
Nxe4 9. Nxc6 Nxc3 10. Nxd8 Nxd1 11. Nxf7 Kxf7 12. Rxd1 Bf5 13. g4 Be4 14. f3
Bc6 15. Rb1 Rhf8 16. b3 Kg8 17. f4 Rad8 18. h3 Be4 19. Bd3 Bxd3 20. Rxd3 Rd7
21. Be3 a6 22. Kg2 Rfd8 23. Rbd1 e6 24. Bb6 Rf8 25. Rxd6 Rxd6 26. Rxd6 Rxf4 27.
Rxe6 Rf6 28. Rxf6 Bxf6 29. Kf3 Kf7 30. Ke4 Ke6 31. Bd4 Bg5 32. Bc3 Be7 33. a4
b6 34. a5 b5 35. cxb5 1-0

[Event "Wellington Club Championship - Open Swiss"]
[Site "Wellington Chess Club"]
[Date "2023.10.19"]
[Round "4.8"]
[White "Coates, Alex"]
[Black "Sova, Leo"]
[Result "1-0"]
[WhiteElo "1745"]
[BlackElo "1645"]

1. d4 d5 2. c4 e6 3. Nc3 Nf6 4. cxd5 exd5 5. Bf4 c5 6. e3 Nc6 7. Nf3 Be7 8. Be2
O-O 9. O-O Bf5 10. Rc1 Qb6 11. Na4 Qa5 12. dxc5 Ne4 13. Qxd5 Qxa4 14. Qxf5 Nxc5
15. Rxc5 Bxc5 16. Qxc5 Qxa2 17. Qb5 Na5 18. Nd4 b6 19. b4 Nb3 20. Qd5 Nc1 21.
Bc4 Qd2 22. Bd6 Rad8 23. Qe5 Nd3 24. Bxd3 Rfe8 25. Qb5 a6 26. Bxh7+ Kxh7 27.
Qxb6 1-0

[Event "Wellington Club Championship - Open Swiss"]
[Site "Wellington Chess Club"]
[Date "2023.10.19"]
[Round "4.9"]
[White "Katkodia, Ali"]
[Black "Asher, Bruce"]
[Result "1-0"]
[WhiteElo "1609"]
[BlackElo "1206"]

1. e4 e5 2. Nf3 Nc6 3. Bc4 Nf6 4. d3 d5 5. exd5 Nxd5 6. O-O Bc5 7. Re1 f6 8. d4
Bb6 9. dxe5 Nce7 10. exf6 Nxf6 11. Ne5 Ned5 12. Nc6+ Kd7 13. Nxd8 Kxd8 14. Bxd5
Bg4 15. Bf3+ Kc8 16. Bxg4+ Kb8 17. Bg5 c6 18. Re7 Rf8 19. Qd6+ Bc7 20. Qxc7#
1-0

[Event "Wellington Club Championship - Open Swiss"]
[Site "Wellington Chess Club"]
[Date "2023.10.19"]
[Round "4.10"]
[White "Frost, Paul"]
[Black "Tan, Jin"]
[Result "1-0"]
[WhiteElo "1818"]
[BlackElo "1236"]

1. d4 d5 2. Bf4 Nf6 3. Nf3 Bf5 4. e3 e6 5. h3 h6 6. Bd3 Be7 7. Bxf5 exf5 8.
Nbd2 Nbd7 9. c3 c6 10. Qc2 Ne4 11. Ne5 Nxd2 12. Kxd2 Nxe5 13. Bxe5 f6 14. Bh2
Qd7 15. g4 fxg4 16. Qg6+ Kf8 17. hxg4 Qe8 18. Qc2 Kf7 19. f3 Rd8 20. Rae1 Bd6
21. e4 Bxh2 22. Rxh2 dxe4 23. Rxe4 Qd7 24. Qb3+ Kg6 25. Rhe2 Rhe8 26. Rxe8 Rxe8
27. Rxe8 Qxe8 28. Qxb7 Qf7 29. Qxf7+ Kxf7 30. b4 Ke6 31. c4 Kd6 32. Ke3 g6 33.
Kf4 Ke6 34. a4 Kd6 35. b5 c5 36. d5 Kc7 37. a5 Kd7 38. Kg3 Kc7 39. f4 Kd7 40.
Kh4 g5+ 41. fxg5 hxg5+ 42. Kh5 Kd6 43. Kg6 Ke7 44. Kf5 Kf7 45. b6 axb6 46. axb6
1-0

[Event "Wellington Club Championship - Open Swiss"]
[Site "Wellington Chess Club"]
[Date "2023.10.19"]
[Round "4.11"]
[White "Stoeveken, Peter"]
[Black "Osborne, Geoff"]
[Result "1/2-1/2"]
[WhiteElo "1743"]
[BlackElo "1434"]

1. d4 Nf6 2. c4 e6 3. Nf3 Bb4+ 4. Bd2 Bxd2+ 5. Nbxd2 d6 6. e4 e5 7. dxe5 dxe5
8. Nxe5 Qe7 9. f4 O-O 10. Bd3 Qc5 11. Qe2 Rd8 12. Nb3 Qb4+ 13. Qd2 Qxd2+ 14.
Nxd2 Nbd7 15. Nxd7 Bxd7 16. Be2 Bc6 17. Bf3 Nxe4 18. Nxe4 Bxe4 19. O-O Bxf3 20.
Rxf3 Rd4 21. b3 Rad8 22. Rf2 Rd1+ 23. Rxd1 Rxd1+ 24. Rf1 Rd2 25. Rf2 Rd1+ 26.
Rf1 Rd2 1/2-1/2

[Event "Wellington Club Championship - Open Swiss"]
[Site "Wellington Chess Club"]
[Date "2023.10.19"]
[Round "4.13"]
[White "Ulm, Eric"]
[Black "Hupert, Leo"]
[Result "1-0"]
[WhiteElo "1664"]
[BlackElo "1350"]

1. e4 e5 2. Nf3 Nc6 3. Bb5 d6 4. d4 a6 5. Bxc6+ bxc6 6. Nc3 exd4 7. Qxd4 h6 8.
h3 Be6 9. O-O Qd7 10. Qd3 Be7 11. Nd4 Nf6 12. Nxe6 Qxe6 13. Qf3 Nd7 14. Bf4 O-O
15. Rfe1 g5 16. Bd2 Ne5 17. Qh5 Qg6 18. Qxg6+ Nxg6 19. Ne2 Bf6 20. c3 Ne5 21.
b3 Nd3 22. Red1 Rfe8 23. f3 Be5 24. Bxg5 hxg5 25. Rxd3 Rf8 26. Nd4 Bxd4+ 27.
cxd4 Rab8 28. Rc1 Rb6 29. Rdc3 Rb4 30. Rxc6 Rxd4 31. Rxa6 c5 32. a4 Rb8 33. e5
dxe5 34. Rxc5 Rxb3 35. Rxe5 Rd1+ 36. Kh2 Rbb1 37. Rxg5+ Kf8 38. Ra7 Rh1+ 39.
Kg3 Rhg1 40. Rf5 Rb2 41. Rfxf7+ Kg8 42. Rg7+ Kh8 43. Kf4 Rb4+ 44. Ke5 Re1+ 45.
Kd5 Rd1+ 46. Kc5 Rbd4 47. Rg5 Rd8 48. Ra6 Rc8+ 49. Kb5 Rb1+ 50. Ka5 Kh7 51. Rb5
Rg1 52. Rb7+ Kh8 53. Kb6 Rxg2 54. Ka7 Rg7 55. Rxg7 Kxg7 56. Kb7 Rc3 57. a5 Rxf3
58. Rb6 Rxh3 59. a6 Ra3 60. a7 Rxa7+ 61. Kxa7 Kf7 62. Rc6 Ke7 63. Kb6 Kd7 64.
Kc5 Ke7 65. Rd6 Ke8 66. Kd5 Ke7 67. Ke5 Kf7 68. Ra6 Kg7 69. Kf5 Kf7 70. Ra7+
Ke8 71. Ke6 Kd8 72. Rh7 Kc8 73. Kd6 Kb8 74. Kc6 Ka8 75. Kb6 Kb8 76. Rh8# 1-0

[Event "Wellington Club Championship - Open Swiss"]
[Site "Wellington Chess Club"]
[Date "2023.10.19"]
[Round "4.17"]
[White "Ravi, Vrajesh"]
[Black "Mavaram, Eashan"]
[Result "0-1"]
[WhiteElo "1102"]
[BlackElo "1525"]

1. e4 c6 2. Nf3 d5 3. Nc3 Bg4 4. exd5 cxd5 5. h3 Bxf3 6. Qxf3 e6 7. Bb5+ Nc6 8.
Bxc6+ bxc6 9. O-O Nf6 10. d3 Be7 11. Bg5 O-O 12. Bxf6 Bxf6 13. Rad1 Rb8 14. Na4
Bxb2 15. Rb1 Bf6 16. Rxb8 Qxb8 17. Nc5 Qd6 18. Qe3 d4 19. Nb7 Qc7 20. Qe4 Qxb7
21. Qe1 Qb2 22. Qb1 Qxb1 23. Rxb1 Be5 24. Rb7 Rb8 25. Rxb8+ Bxb8 26. Kf1 Kf8
27. Ke2 Ke7 28. Kf3 f6 {Black won in 40 moves} 0-1

[Event "Wellington Club Championship - Open Swiss"]
[Site "Wellington Chess Club"]
[Date "2023.10.19"]
[Round "4.19"]
[White "He, Jacob"]
[Black "Qu, Lucas"]
[Result "0-1"]
[WhiteElo "889"]
[BlackElo "1628"]

1. e4 e5 2. Nf3 Nc6 3. Bc4 Bc5 4. O-O Nf6 5. Nc3 d6 6. d3 Bg4 7. Bg5 Nd4 8. h3
Nxf3+ 9. gxf3 Bh5 10. Kh1 h6 11. Bxf6 Qxf6 12. Kh2 Bxf3 13. Ne2 g5 14. Rg1 Bxf2
15. Ng3 Bxd1 16. Raxd1 Bxg1+ 17. Rxg1 O-O-O 18. c3 Qf2+ 19. Rg2 Qf4 20. Kg1
Qc1+ 21. Nf1 a6 22. Bxf7 Rdf8 0-1

[Event "Wellington Club Championship - Open Swiss"]
[Site "Wellington Chess Club"]
[Date "2023.10.26"]
[Round "5.1"]
[White "Farrington, Lawrence"]
[Black "Chang, Luke"]
[Result "0-1"]
[WhiteElo "1506"]
[BlackElo "1632"]

1. d4 Nf6 2. c4 e6 3. Nc3 Be7 4. Bg5 d5 5. cxd5 exd5 6. e3 O-O 7. Nf3 c6 8. Be2
Nbd7 9. Rc1 Ne4 10. Bxe7 Qxe7 11. O-O f5 12. Nd2 Ndf6 13. Na4 g5 14. Nc5 Kh8
15. Ncxe4 fxe4 16. Kh1 Bf5 17. Qe1 h5 18. g3 Bh3 19. Rg1 Ng4 20. Bxg4 hxg4 21.
Qe2 Rf6 22. Rg2 Raf8 23. Rf1 Qh7 24. Rfg1 R8f7 25. Nb1 Qh6 26. Nc3 Qf8 27. Nd1
Rh6 28. Qd2 Rfh7 29. a3 Qf3 30. Qc2 Bxg2+ 0-1

[Event "Wellington Club Championship - Open Swiss"]
[Site "Wellington Chess Club"]
[Date "2023.10.26"]
[Round "5.2"]
[White "Pomeroy, Arthur J"]
[Black "Henrys, Francis"]
[Result "1-0"]
[WhiteElo "2021"]
[BlackElo "1690"]

1. e4 c5 2. Nf3 Nc6 3. d4 cxd4 4. Nxd4 e5 5. Nb5 Nf6 6. N1c3 a6 7. Nd6+ Bxd6 8.
Qxd6 Qe7 9. Qd1 h6 10. Be2 d6 11. Be3 Be6 12. Nd5 Bxd5 13. exd5 Na7 14. O-O O-O
15. c4 b5 16. b3 Nd7 17. Rc1 f5 18. Qd2 bxc4 19. Rxc4 Nb5 20. a4 f4 21. axb5
fxe3 22. Qxe3 Nf6 23. Rc6 axb5 24. Bxb5 Rab8 25. Bc4 Rfc8 26. Rxc8+ Rxc8 27.
Ra1 Qb7 28. Ra7 Ra8 29. Rxb7 1-0

[Event "Wellington Club Championship - Open Swiss"]
[Site "Wellington Chess Club"]
[Date "2023.10.26"]
[Round "5.3"]
[White "Marney, John"]
[Black "Zachary, He"]
[Result "1-0"]
[WhiteElo "1658"]
[BlackElo "1150"]

1. e4 e6 2. d3 d5 3. Nd2 Nc6 4. Ngf3 Bd6 5. g3 Nf6 6. Bg2 O-O 7. O-O dxe4 8.
dxe4 e5 9. Re1 Be6 10. Nf1 Qd7 11. Bg5 Be7 12. c3 Qxd1 13. Raxd1 Bxa2 14. Bxf6
Bxf6 15. Rd7 Rac8 16. Bh3 Rfd8 17. Ne3 Be6 18. Bxe6 fxe6 19. Red1 Rxd7 20. Rxd7
Kf8 21. Ng4 Be7 22. Ngxe5 Nxe5 23. Nxe5 Rd8 24. Rxd8+ Bxd8 25. f4 Bf6 26. Nd3
Ke8 27. Kf2 b6 28. Kf3 Kd7 29. e5 Be7 30. Ke4 g5 31. f5 a5 32. f6 Ke8 33. fxe7
Kxe7 34. g4 c5 35. c4 Kf7 36. b3 Ke7 37. Nb2 Kd7 38. Na4 Kc6 39. Nc3 Kd7 40.
Kf3 Kc6 41. Kg3 h6 42. h4 1-0

[Event "Wellington Club Championship - Open Swiss"]
[Site "Wellington Chess Club"]
[Date "2023.10.26"]
[Round "5.4"]
[White "Ashe, Michael"]
[Black "Saglam, Yigit"]
[Result "1-0"]
[WhiteElo "1707"]
[BlackElo "1775"]

1. d4 d5 2. c4 e6 3. Nc3 Nf6 4. cxd5 exd5 5. Bg5 Be7 6. e3 c6 7. Bd3 O-O 8. Qc2
Re8 9. Nge2 h6 10. Bh4 Nbd7 11. O-O Nf8 12. h3 Ne4 13. Bxe7 Qxe7 14. Bxe4 dxe4
15. Ng3 f5 16. Nge2 Be6 17. Nf4 Bc4 18. Rfe1 g5 19. Nfe2 Rad8 20. Nc1 Ng6 21.
Nxe4 Bd5 22. Nc3 Qf7 23. Nxd5 Rxd5 24. Nd3 Rd6 25. b4 b6 26. a4 Qd5 27. Qa2
Qxa2 28. Rxa2 Rxd4 29. exd4 1-0

[Event "Wellington Club Championship - Open Swiss"]
[Site "Wellington Chess Club"]
[Date "2023.10.26"]
[Round "5.5"]
[White "Coates, Alex"]
[Black "Katkodia, Ali"]
[Result "1/2-1/2"]
[WhiteElo "1745"]
[BlackElo "1609"]

1. d4 g6 2. c4 Nf6 3. Nc3 Bg7 4. e4 d6 5. f3 c6 6. Be3 Qc7 7. Nge2 e5 8. d5 Bd7
9. g4 c5 10. Ng3 a6 11. Qd2 b5 12. cxb5 axb5 13. Nxb5 Qb6 14. Nc3 Na6 15. h4
Ke7 16. h5 Rhb8 17. Rb1 Ne8 18. hxg6 hxg6 19. Rh7 Kd8 20. Bh6 Bxh6 21. Qxh6 c4
22. Rxf7 Nb4 23. Qg5+ Kc8 24. Qd2 Qg1 25. Nce2 Nd3+ 26. Kd1 Qb6 27. Nc3 Qg1 28.
Nce2 Qa7 29. Nc3 Qg1 30. Nce2 1/2-1/2

[Event "Wellington Club Championship - Open Swiss"]
[Site "Wellington Chess Club"]
[Date "2023.10.26"]
[Round "5.6"]
[White "Aldridge, Alan"]
[Black "Ulm, Eric"]
[Result "1-0"]
[WhiteElo "1894"]
[BlackElo "1433"]

1. d4 e6 2. c4 Bb4+ 3. Bd2 a5 4. Nf3 Nf6 5. e3 d6 6. a3 Bxd2+ 7. Nbxd2 Nbd7 8.
Bd3 O-O 9. O-O e5 10. Qc2 g6 11. Rad1 b6 12. dxe5 dxe5 13. Ne4 Bb7 14. Nxf6+
Qxf6 15. Be4 Bxe4 16. Qxe4 Rad8 17. b4 Qe7 18. Qb7 Nf6 19. h3 Rb8 20. Qc6 axb4
21. axb4 Rbc8 22. Ra1 Qd6 23. Qb5 Rfe8 24. Rfd1 Qe6 25. Ra7 Kg7 26. Rc1 h6 27.
Qa4 Red8 28. c5 Nd5 29. Qb3 Ra8 30. Rxa8 Rxa8 31. e4 Nf6 32. Qxe6 fxe6 33. cxb6
cxb6 34. Rc7+ Kf8 35. Nxe5 Ra1+ 36. Kh2 Rb1 37. Nxg6+ Kg8 38. Rc4 b5 39. Rd4
Rc1 40. Ne5 Rc2 41. Kg3 Rc3+ 42. Kh4 Rc2 43. Ng4 Nxg4 44. Kxg4 Rc4 45. Rd6
Rxe4+ 46. Kh5 Rxb4 47. Rxe6 Rb2 48. Rf6 b4 49. g4 b3 50. Kxh6 Rb1 51. Kg6 b2
52. Rb6 Kf8 53. h4 Rg1 54. Rxb2 Rxg4+ 55. Kf6 Kg8 56. h5 Rg2 57. Kf5 Kg7 58.
Kf4 Kh6 59. Kf3 Rg5 60. Rb8 Kxh5 61. Rh8+ Kg6 62. Rg8+ Kf6 63. Rxg5 Kxg5 64.
Ke4 Kf6 65. Kf4 Ke6 66. Kg5 Kf7 67. Kf5 Ke7 68. f3 Kf7 69. f4 Ke7 1-0

[Event "Wellington Club Championship - Open Swiss"]
[Site "Wellington Chess Club"]
[Date "2023.10.26"]
[Round "5.7"]
[White "Saglam, Azra"]
[Black "Hunt, Liam"]
[Result "0-1"]
[WhiteElo "1546"]
[BlackElo "1690"]

1. c4 f5 2. Nf3 Nf6 3. Nc3 d6 4. d4 e6 5. e3 Be7 6. Be2 O-O 7. O-O Ne4 8. Qc2
Nxc3 9. bxc3 Nd7 10. Rd1 Nf6 11. a4 Qe8 12. Bd3 Qg6 13. Re1 Ne4 14. Nd2 Nxf2
15. Kxf2 Qh5 16. Kg1 e5 17. Qd1 Qg6 18. Rf1 e4 19. Be2 Bg5 20. Nb3 Qh6 21. Kh1
Bd7 22. Bd2 Rf6 23. d5 Raf8 24. Qc1 Qg6 25. c5 h5 26. c4 h4 27. Qd1 Qh6 28. Qc1
h3 29. g3 Be8 30. Nd4 Bh5 31. Bxh5 Qxh5 32. Ne6 Qe2 33. Rf2 Qxf2 34. Qf1 Qxd2
35. Nxg5 Qxe3 36. cxd6 Qxg5 37. dxc7 Rc8 38. c5 Rxc7 39. d6 Rd7 0-1

[Event "Wellington Club Championship - Open Swiss"]
[Site "Wellington Chess Club"]
[Date "2023.10.26"]
[Round "5.8"]
[White "Fairbrother, Rebecca"]
[Black "Stoeveken, Peter"]
[Result "0-1"]
[WhiteElo "918"]
[BlackElo "1743"]

1. e4 c5 2. Nc3 a6 3. Nf3 Nc6 4. Bc4 b5 5. Bb3 c4 6. d4 cxb3 7. axb3 e6 8. Qe2
Bb4 9. O-O Bxc3 10. bxc3 d5 11. Ba3 Nge7 12. Rfd1 O-O 13. Rd3 Re8 14. Ne5 Bb7
15. Rh3 Nxe5 16. Qh5 h6 17. Qxe5 Ng6 18. Qg3 dxe4 19. Re1 Qf6 20. Bc5 Qf4 21.
Bd6 Qxg3 22. Rxg3 Rac8 23. b4 Ne7 24. Be5 Nf5 25. Rg4 Kh7 26. h4 f6 27. Bxf6
gxf6 28. Rf4 Rg8 29. d5 Bxd5 30. g4 Nxh4 31. Kh2 Nf3+ 32. Kh3 Nxe1 33. Rxf6
Rxc3+ 34. Kh4 Ng2+ 35. Kh5 Rg5# 0-1

[Event "Wellington Club Championship - Open Swiss"]
[Site "Wellington Chess Club"]
[Date "2023.10.26"]
[Round "5.9"]
[White "Sova, Leo"]
[Black "Joseph, Joji Chacko"]
[Result "1/2-1/2"]
[WhiteElo "1645"]
[BlackElo "1305"]

1. e4 c5 2. c3 d5 3. exd5 Qxd5 4. d4 cxd4 5. Qxd4 Qxd4 6. cxd4 Nc6 7. Be3 Nf6
8. Nc3 Bf5 9. a3 e6 10. Bb5 Rc8 11. Rc1 Bd6 12. Nge2 O-O 13. b4 a6 14. Ba4 Bd3
15. Kd2 Bg6 16. f3 Rfd8 17. h4 b5 18. Bc2 Be5 19. Bxg6 hxg6 20. Ne4 Bb8 21.
Nxf6+ gxf6 22. Rhd1 e5 23. Ke1 exd4 24. Bxd4 Nxd4 25. Rxc8 Rxc8 26. Rxd4 Re8
27. Kd2 Be5 28. Rd3 Kg7 29. f4 Bc7 30. g3 Rd8 31. Rxd8 Bxd8 32. Kd3 Bb6 33. Nd4
Kh6 34. g4 Bc7 35. Ke4 g5 36. hxg5+ fxg5 37. f5 Kg7 38. Nb3 Bf4 39. Kd5 Kf6 40.
Kc6 Ke5 41. Kb7 Be3 42. Kxa6 Kf4 43. Kxb5 Kxg4 44. Nc5 Kxf5 45. a4 g4 46. a5 g3
47. a6 g2 48. a7 g1=Q 49. a8=Q Qf1+ 50. Kb6 Qf4 51. Qd5+ Kg4 52. Qd7+ Kg5 53.
Qd8+ Qf6+ 54. Qxf6+ Kxf6 55. Kc6 Ke7 1/2-1/2

[Event "Wellington Club Championship - Open Swiss"]
[Site "Wellington Chess Club"]
[Date "2023.10.26"]
[Round "5.11"]
[White "Asher, Bruce"]
[Black "Osborne, Geoff"]
[Result "0-1"]
[WhiteElo "1206"]
[BlackElo "1434"]

1. e4 e5 2. Nf3 Nc6 3. Bb5 Nf6 4. Nc3 Bc5 5. h3 O-O 6. O-O d6 7. d3 Nd4 8. Bc4
Re8 9. Ng5 Ne6 10. Nd5 c6 11. Nxf6+ Qxf6 12. Qh5 h6 13. Nxe6 Bxe6 14. Be3 Bxc4
15. dxc4 Bxe3 16. fxe3 Qe6 17. b3 Rac8 18. Rf3 d5 19. cxd5 cxd5 20. exd5 Qxd5
21. c4 Qe6 22. Raf1 Rc7 23. g4 Rd7 24. g5 hxg5 25. Qxg5 g6 26. e4 Qe7 27. Qg4
Qc5+ 28. Kh2 Red8 29. Rf6 Kg7 30. R6f5 Rd2+ 31. Kg3 Qe3+ 32. Kh4 Rh8+ 33. Rh5
Rxh5+ 34. Qxh5 gxh5 35. Kxh5 Qe2+ 0-1

[Event "Wellington Club Championship - Open Swiss"]
[Site "Wellington Chess Club"]
[Date "2023.10.26"]
[Round "5.14"]
[White "Van Laanen, Bas"]
[Black "Hupert, Leo"]
[Result "1-0"]
[WhiteElo "1138"]
[BlackElo "1350"]

1. c4 d6 2. g3 e5 3. Bg2 c6 4. Nc3 Be6 5. d3 h6 6. Nf3 Nd7 7. b4 Nb6 8. a4 Nd7
9. O-O d5 10. c5 b6 11. d4 e4 12. Bf4 g5 13. Be5 f6 14. Bxf6 Ngxf6 15. Ne5 Nxe5
16. dxe5 Ng4 17. Bh3 Qd7 18. e3 Bg7 19. Rc1 Nxe5 20. Bxe6 Qxe6 21. cxb6 axb6
22. b5 Qh3 23. f4 Ng4 24. Qe2 Bxc3 25. Rxc3 c5 26. Ra3 Kd7 27. Rd1 Kd6 28. Ra2
Nf6 29. Qb2 Qf5 30. a5 bxa5 31. b6 Rhb8 32. b7 Ra7 33. Qb6+ Kd7 34. Qxa7 Kc7
35. Rb1 Nd7 36. Qxa5+ Kc6 37. Qb5+ Kc7 38. Ra8 gxf4 39. Qa5+ Kc6 40. Ra6+ Nb6
41. Rbxb6+ Kd7 42. Rd6+ Ke8 43. Ra8 1-0

[Event "Wellington Club Championship - Open Swiss"]
[Site "Wellington Chess Club"]
[Date "2023.11.02"]
[Round "6.2"]
[White "Fairbrother, Rebecca"]
[Black "Hunt, Liam"]
[Result "0-1"]
[WhiteElo "918"]
[BlackElo "1690"]

1. e4 c6 2. Nf3 d5 3. Nc3 dxe4 4. Nxe4 Nf6 5. Nxf6+ exf6 6. Be2 Bd6 7. O-O O-O
8. d4 Re8 9. d5 cxd5 10. Bb5 Nc6 11. Be3 Bg4 12. Qd3 Bxf3 13. gxf3 Qc7 14. f4
Bxf4 15. Rae1 Bxh2+ 16. Kh1 Bf4 17. Qxd5 Bxe3 18. fxe3 Re5 19. Qf3 Rxb5 20. Rg1
Qe5 21. Rg2 Qh5+ 22. Qxh5 Rxh5+ 23. Rh2 Rxh2+ 24. Kxh2 Ne5 25. Rc1 Ng4+ 26. Kg3
Nxe3 27. c4 g5 28. b4 b6 29. c5 bxc5 30. bxc5 Rc8 31. c6 Nf5+ 32. Kh3 Nd4 33.
c7 Ne6 34. Rc4 Rxc7 35. Ra4 h5 36. a3 Nf4+ 37. Kg3 h4+ 38. Kh2 Rc2+ 39. Kg1 h3
40. Rxa7 h2+ 41. Kh1 Nh5 42. a4 Ng3# 0-1

[Event "Wellington Club Championship - Open Swiss"]
[Site "Wellington Chess Club"]
[Date "2023.11.02"]
[Round "6.3"]
[White "Pomeroy, Arthur"]
[Black "Ashe, Michael"]
[Result "1-0"]
[WhiteElo "2021"]
[BlackElo "1707"]

1. e4 c6 2. d4 d5 3. e5 c5 4. dxc5 e6 5. Nf3 Bxc5 6. a3 Nc6 7. Bd3 f6 8. b4 Be7
9. Bb2 Nh6 10. O-O Nf7 11. exf6 Bxf6 12. Bxf6 Qxf6 13. Nbd2 O-O 14. c4 Nfe5 15.
cxd5 exd5 16. Qc2 g6 17. b5 Nxf3+ 18. Nxf3 Nd4 19. Nxd4 Qxd4 20. Rad1 Qf6 21.
Be2 Bf5 22. Qc5 Be6 23. Bf3 b6 24. Qd4 Qxd4 25. Rxd4 Rfd8 26. Rfd1 Rac8 27. h4
Rc5 28. a4 Kg7 29. Kh2 Kf6 30. Kg3 Ke5 31. Rf4 h6 32. Re1+ Kd6 33. Rf6 Rg8 34.
Rfxe6+ 1-0

[Event "Wellington Club Championship - Open Swiss"]
[Site "Wellington Chess Club"]
[Date "2023.11.02"]
[Round "6.4"]
[White "Stoeveken, Peter"]
[Black "Forster, Bill"]
[Result "0-1"]
[WhiteElo "1743"]
[BlackElo "2016"]

1. d4 c5 2. d5 e5 3. e4 d6 4. c4 Nf6 5. Nc3 Be7 6. f4 Nbd7 7. Nf3 O-O 8. Bd3
exf4 9. Bxf4 Ng4 10. O-O Nge5 11. b3 Bf6 12. Rc1 Qe7 13. Be2 Nxf3+ 14. Bxf3 Be5
15. Ne2 Qh4 16. Bg3 Qh6 17. Kh1 Re8 18. Rc2 Nf6 19. Qd2 Qxd2 20. Rxd2 Bd7 21.
Bxe5 Rxe5 22. Ng3 Rae8 23. Re2 b5 24. Rb1 h5 25. h4 g6 26. Kg1 Kg7 27. Kf1 Kh6
28. b4 a6 29. bxc5 dxc5 30. a4 b4 31. a5 g5 32. hxg5+ Kxg5 33. Rbe1 Kf4 34.
Nxh5+ Nxh5 35. Bxh5 Rxh5 36. Rf2+ Kg5 37. Kg1 Reh8 38. Rxf7 Rh1+ 39. Kf2 Rxe1
40. Kxe1 Ba4 41. e5 Rb8 42. Rf2 b3 43. Rb2 Kf5 44. e6 Ke5 45. Kd2 Kd4 46. g4
Kxc4 47. d6 Kd5 48. e7 Kxd6 49. Kc3 Kxe7 50. Kc4 Kd6 51. Kc3 Rb4 52. Rh2 b2 53.
Rxb2 Rxb2 54. Kxb2 c4 0-1

[Event "Wellington Club Championship - Open Swiss"]
[Site "Wellington Chess Club"]
[Date "2023.11.02"]
[Round "6.5"]
[White "Qu, Lucas"]
[Black "Chang, Luke"]
[Result "0-1"]
[WhiteElo "1628"]
[BlackElo "1632"]

1. e4 c6 2. d4 d5 3. exd5 cxd5 4. Bd3 Nc6 5. c3 Qc7 6. h3 e6 7. Nf3 Bd6 8. Be3
Nge7 9. Nbd2 O-O 10. Qc2 h6 11. g3 Rb8 12. Nh2 b5 13. f4 b4 14. Ke2 bxc3 15.
bxc3 Na5 16. Kf3 Nc4 17. Bxc4 dxc4 18. Kf2 Bb7 19. Nhf3 Nd5 20. Rhg1 Ba8 21. a3
Rfc8 22. Ne5 Bxe5 23. dxe5 Nxe3 24. Kxe3 Qc5+ 25. Ke2 Rd8 26. Rgd1 Rd3 27. Rf1
Qe3+ 28. Kd1 Bf3+ 29. Kc1 Rxc3 0-1

[Event "Wellington Club Championship - Open Swiss"]
[Site "Wellington Chess Club"]
[Date "2023.11.02"]
[Round "6.9"]
[White "Osborne, Geoff"]
[Black "Hupert, Leo"]
[Result "1-0"]
[WhiteElo "1434"]
[BlackElo "1350"]

1. e4 e5 2. Nf3 d6 3. Bc4 h6 4. O-O Bg4 5. c3 c6 6. d4 Qf6 7. dxe5 dxe5 8. a4
Nd7 9. Be3 Bc5 10. Bxc5 Nxc5 11. Nbd2 Rd8 12. Qe2 Ne7 13. Qe3 b6 14. b4 Ne6 15.
Nb3 Ng5 16. Nxg5 hxg5 17. Qg3 Bh5 18. Ra2 Ng6 19. Rd2 Rxd2 20. Nxd2 Nf4 21. Re1
Bg6 22. Nf1 Rh4 23. f3 Nh5 24. Qf2 Nf4 25. Qd2 g4 26. Rd1 gxf3 27. Qd7+ Kf8 28.
Qc8+ Ke7 29. Rd7# 1-0

[Event "Wellington Club Championship - Open Swiss"]
[Site "Wellington Chess Club"]
[Date "2023.11.02"]
[Round "6.11"]
[White "He, Jacob"]
[Black "Asher, Bruce"]
[Result "1-0"]
[WhiteElo "889"]
[BlackElo "1206"]

1. e4 e5 2. Nc3 Nf6 3. g3 Bc5 4. Bg2 b6 5. Nge2 Bb7 6. f4 d6 7. d3 Ng4 8. d4
exd4 9. Nxd4 Qf6 10. Ncb5 Na6 11. Qxg4 O-O 12. Be3 c6 13. e5 dxe5 14. fxe5 Qxe5
15. Nf5 Qxb2 16. Bd4 Bxd4 17. Nbxd4 Rfe8+ 18. Kd2 Rad8 19. Qxg7# 1-0

[Event "Wellington Club Championship - Open Swiss"]
[Site "Wellington Chess Club"]
[Date "2023.11.02"]
[Round "6.12"]
[White "Mavaram, Eashan"]
[Black "Coates, Alex"]
[Result "0-1"]
[WhiteElo "1525"]
[BlackElo "1745"]

1. e4 c6 2. d4 d5 3. e5 Bf5 4. h4 h5 5. Bd3 Bxd3 6. Qxd3 e6 7. Bg5 Be7 8. Nf3
Nd7 9. Nbd2 c5 10. c3 Qc7 11. Rc1 cxd4 12. Qxd4 Nh6 13. Bxe7 Kxe7 14. Qb4+ Nc5
15. Nb3 b6 16. Nxc5 bxc5 17. Qf4 Nf5 18. b4 a5 19. bxc5 Qxc5 20. Nd4 Nxd4 21.
Qxd4 Rhc8 22. Kd2 Qa3 23. Rc2 Rc4 24. Qe3 g6 25. Rb1 Rac8 26. Rb7+ R4c7 27.
Rcb2 Kf8 28. R7b3 Qa4 29. Qg5 d4 30. Rc2 dxc3+ 31. Rbxc3 Qd4+ 0-1

[Event "Wellington Club Championship - Open Swiss"]
[Site "Wellington Chess Club"]
[Date "2023.11.02"]
[Round "6.15"]
[White "Ravi, Vrajesh"]
[Black "Van Laanen, Bas"]
[Result "0-1"]
[WhiteElo "1102"]
[BlackElo "1138"]

1. e4 d5 2. exd5 Qxd5 3. Nc3 Qa5 4. d3 c6 5. Bd2 Bf5 6. Nce2 Qc7 7. Bc3 Nf6 8.
Qd2 Nbd7 9. Bxf6 Nxf6 10. Ng3 Bg6 11. Nf3 e6 12. c3 Bd6 13. O-O-O Bf4 14. Qxf4
Qxf4+ 15. Nd2 Ng4 16. Ne4 Bxe4 {Black won in 28 moves} 0-1

[Event "Wellington Club Championship - Open Swiss"]
[Site "Wellington Chess Club"]
[Date "2023.11.09"]
[Round "7.1"]
[White "Chang, Luke"]
[Black "Pomeroy, Arthur J"]
[Result "0-1"]
[WhiteElo "1632"]
[BlackElo "2021"]
[PlyCount "70"]
[EventDate "2023.09.28"]

1. d4 Nf6 2. c4 g6 3. Nc3 Bg7 4. e4 O-O 5. e5 Ne8 6.
Bd3 c5 7. Be3 cxd4 8. Bxd4 Nc6 9. Be4 Nxe5 10. Bxe5 Bxe5 11. Nge2 d6 12. h4 Be6
13. b3 Qa5 14. Qc2 Rb8 15. h5 f5 16. Bd3 d5 17. cxd5 Bxd5 18. Qd2 Nf6 19. hxg6
hxg6 20. Rc1 Rbc8 21. Qg5 Kf7 22. Rh6 Rg8 23. Kd2 Ne4+ 24. Bxe4 Bxe4 25. Rh7+
Rg7 26. Rxg7+ Bxg7 27. Qe3 Rd8+ 28. Ke1 Rd3 29. Qg5 Bxc3+ 30. Kf1 Bf6 31. Qh6
Qd2 32. Qh7+ Bg7 33. Re1 Qh6 34. Qxh6 Bxh6 35. f3 Bc6 0-1

[Event "Wellington Club Championship - Open Swiss"]
[Site "Wellington Chess Club"]
[Date "2023.11.09"]
[Round "7.2"]
[White "Marney, John"]
[Black "Farrington, Lawrence"]
[Result "1-0"]
[WhiteElo "1658"]
[BlackElo "1506"]
[PlyCount "71"]
[EventDate "2023.??.??"]

1. e4 e6 2. d3 d5 3. Nd2 c5 4. Ngf3 Nf6 5. g3 Nc6 6. Bg2 Be7
7. O-O O-O 8. e5 Nd7 9. Re1 Qb6 10. Nf1 f6 11. exf6 Nxf6 12. Ng5 Nd8 13. h4 h6
14. Nh3 Bd6 15. Rb1 Bd7 16. Bf4 Qc7 17. Qe2 Nf7 18. Bxd6 Qxd6 19. Nf4 Rfe8 20.
Ne3 Rad8 21. c3 b5 22. Rbd1 d4 23. cxd4 cxd4 24. Nf1 Nd5 25. Nxd5 exd5 26. Qh5
Ne5 27. Nh2 Re7 28. f4 Be8 29. fxe5 Bxh5 30. exd6 Rxe1+ 31. Rxe1 Rxd6 32. Re5
Bf7 33. Nf3 Rc6 34. Nxd4 Rc1+ 35. Kf2 b4 36. Bxd5 1-0